000 00938cam a22002651 4500
001 gs 62000168
003 DLC
005 20260227111411.0
008 750730s1961 xx 000 0 eng
010 _ags 62000168
035 _a(OCoLC)1489425
040 _aDLC
_cOAU
_dDLC
042 _apremarc
050 0 0 _aQE138.M5
_bR6
100 1 _aRoss, Donald Clarence,
_d1924-
245 1 0 _aGeology and mineral deposits of Mineral County, Nevada,
_cby Donald C. Ross.
260 _aReno,
_bUniversity of Nevada,
_c1961.
300 _a vii, 98 p., ix-xiv p.
_billus., maps (2 col.)
_c23 cm.
410 2 0 _aNevada Bureau of Mines.
_tBulletin
_v58
500 _aPart of illustrative matter fold. in pocket.
500 _a"Prepared in cooperation with the United States Geological Survey."
504 _aBibliography: p. 86-89.
650 0 _aGeology
_zNevada
_zMineral County.
650 0 _aMines and mineral resources
_zNevada
_zMineral County.
999 _c29610
_d29610